000 00210nam a2200085Ia 4500
008 120527s9999 xx 000 0 und d
100 _aLathrop, G.
245 _aIntroduction to psychological research
942 _cBK
999 _c27465
_d27465